<?xml version="1.0" encoding="UTF-8"?>
<collection xmlns="http://www.loc.gov/MARC21/slim">
 <record>
  <leader>02609nam a22003618a 4500</leader>
  <controlfield tag="001">NCT_9846</controlfield>
  <controlfield tag="008">040611s2004    enkafh   b    001 0vvie|</controlfield>
  <datafield tag="999" ind1=" " ind2=" ">
   <subfield code="c">482</subfield>
   <subfield code="d">482</subfield>
  </datafield>
  <datafield tag="020" ind1=" " ind2=" ">
   <subfield code="c">30000</subfield>
  </datafield>
  <datafield tag="082" ind1="0" ind2="4">
   <subfield code="2">23rd ed.</subfield>
   <subfield code="a">616</subfield>
   <subfield code="b">Tr102/T.1</subfield>
  </datafield>
  <datafield tag="100" ind1="1" ind2=" ">
   <subfield code="a">Nguyễn Khánh Trạch</subfield>
  </datafield>
  <datafield tag="245" ind1="1" ind2="0">
   <subfield code="a">Điều trị học nội khoa</subfield>
   <subfield code="n">Tập 1</subfield>
   <subfield code="c">Nguyễn Khánh Trạch (chủ biên)</subfield>
  </datafield>
  <datafield tag="250" ind1=" " ind2=" ">
   <subfield code="a">Tái bản lần thứ 4 có sửa chữa bổ sung</subfield>
  </datafield>
  <datafield tag="260" ind1=" " ind2=" ">
   <subfield code="a">H.</subfield>
   <subfield code="b">Y học</subfield>
   <subfield code="c">2011</subfield>
  </datafield>
  <datafield tag="300" ind1=" " ind2=" ">
   <subfield code="a">351tr.</subfield>
   <subfield code="b">hình vẽ, bảng</subfield>
   <subfield code="c">27cm</subfield>
  </datafield>
  <datafield tag="500" ind1=" " ind2=" ">
   <subfield code="a">ĐTTS ghi: Trường đại học Y Hà Nội. Các bộ môn Nội</subfield>
  </datafield>
  <datafield tag="520" ind1="3" ind2=" ">
   <subfield code="a">Giới thiệu đại cương về chẩn đoán, điều trị và phòng bệnh nội khoa như bệnh tim mạch, tiêu hoá, bệnh ở bộ máy vận động và bệnh của người già</subfield>
  </datafield>
  <datafield tag="653" ind1=" " ind2=" ">
   <subfield code="a">Y Đa khoa</subfield>
  </datafield>
  <datafield tag="700" ind1="1" ind2=" ">
   <subfield code="a">Vũ Văn Đính</subfield>
  </datafield>
  <datafield tag="700" ind1="1" ind2=" ">
   <subfield code="a">Nguyễn Thị Dụ</subfield>
  </datafield>
  <datafield tag="700" ind1="1" ind2=" ">
   <subfield code="a">Trần Ngọc Ân</subfield>
  </datafield>
  <datafield tag="700" ind1="1" ind2=" ">
   <subfield code="a">Phạm Thị Thu Hồ</subfield>
  </datafield>
  <datafield tag="942" ind1=" " ind2=" ">
   <subfield code="2">ddc</subfield>
   <subfield code="c">BK</subfield>
  </datafield>
  <datafield tag="952" ind1=" " ind2=" ">
   <subfield code="0">0</subfield>
   <subfield code="1">0</subfield>
   <subfield code="2">ddc</subfield>
   <subfield code="4">0</subfield>
   <subfield code="6">616_000000000000000_TR102_T_1</subfield>
   <subfield code="7">0</subfield>
   <subfield code="9">8055</subfield>
   <subfield code="a">000001</subfield>
   <subfield code="b">000001</subfield>
   <subfield code="d">2018-05-10</subfield>
   <subfield code="o">616 Tr102/T.1</subfield>
   <subfield code="p">MD.05623</subfield>
   <subfield code="r">2018-05-10</subfield>
   <subfield code="v">81000.00</subfield>
   <subfield code="w">2018-05-10</subfield>
   <subfield code="y">BK</subfield>
  </datafield>
  <datafield tag="952" ind1=" " ind2=" ">
   <subfield code="0">0</subfield>
   <subfield code="1">0</subfield>
   <subfield code="2">ddc</subfield>
   <subfield code="4">0</subfield>
   <subfield code="6">616_000000000000000_TR102_T_1</subfield>
   <subfield code="7">0</subfield>
   <subfield code="9">8056</subfield>
   <subfield code="a">000001</subfield>
   <subfield code="b">000001</subfield>
   <subfield code="d">2018-05-10</subfield>
   <subfield code="o">616 Tr102/T.1</subfield>
   <subfield code="p">MD.05625</subfield>
   <subfield code="r">2018-05-10</subfield>
   <subfield code="v">81000.00</subfield>
   <subfield code="w">2018-05-10</subfield>
   <subfield code="y">BK</subfield>
  </datafield>
  <datafield tag="952" ind1=" " ind2=" ">
   <subfield code="0">0</subfield>
   <subfield code="1">0</subfield>
   <subfield code="2">ddc</subfield>
   <subfield code="4">0</subfield>
   <subfield code="6">616_000000000000000_TR102_T_1</subfield>
   <subfield code="7">0</subfield>
   <subfield code="9">8057</subfield>
   <subfield code="a">000001</subfield>
   <subfield code="b">000001</subfield>
   <subfield code="d">2018-05-10</subfield>
   <subfield code="l">1</subfield>
   <subfield code="o">616 Tr102/T.1</subfield>
   <subfield code="p">MD.05626</subfield>
   <subfield code="r">2020-01-07</subfield>
   <subfield code="s">2019-12-03</subfield>
   <subfield code="v">81000.00</subfield>
   <subfield code="w">2018-05-10</subfield>
   <subfield code="y">BK</subfield>
  </datafield>
  <datafield tag="952" ind1=" " ind2=" ">
   <subfield code="0">0</subfield>
   <subfield code="1">0</subfield>
   <subfield code="2">ddc</subfield>
   <subfield code="4">0</subfield>
   <subfield code="6">616_000000000000000_TR102_T_1</subfield>
   <subfield code="7">0</subfield>
   <subfield code="9">8058</subfield>
   <subfield code="a">000001</subfield>
   <subfield code="b">000001</subfield>
   <subfield code="d">2018-05-10</subfield>
   <subfield code="o">616 Tr102/T.1</subfield>
   <subfield code="p">MD.05631</subfield>
   <subfield code="r">2018-05-10</subfield>
   <subfield code="v">81000.00</subfield>
   <subfield code="w">2018-05-10</subfield>
   <subfield code="y">BK</subfield>
  </datafield>
  <datafield tag="952" ind1=" " ind2=" ">
   <subfield code="0">0</subfield>
   <subfield code="1">0</subfield>
   <subfield code="2">ddc</subfield>
   <subfield code="4">0</subfield>
   <subfield code="6">616_000000000000000_TR102_T_1</subfield>
   <subfield code="7">0</subfield>
   <subfield code="9">8059</subfield>
   <subfield code="a">000001</subfield>
   <subfield code="b">000001</subfield>
   <subfield code="d">2018-05-10</subfield>
   <subfield code="l">1</subfield>
   <subfield code="o">616 Tr102/T.1</subfield>
   <subfield code="p">MD.05632</subfield>
   <subfield code="r">2019-09-20</subfield>
   <subfield code="s">2019-09-16</subfield>
   <subfield code="v">81000.00</subfield>
   <subfield code="w">2018-05-10</subfield>
   <subfield code="y">BK</subfield>
  </datafield>
  <datafield tag="952" ind1=" " ind2=" ">
   <subfield code="0">0</subfield>
   <subfield code="1">0</subfield>
   <subfield code="2">ddc</subfield>
   <subfield code="4">0</subfield>
   <subfield code="6">616_000000000000000_TR102_T_1</subfield>
   <subfield code="7">0</subfield>
   <subfield code="9">8060</subfield>
   <subfield code="a">000001</subfield>
   <subfield code="b">000001</subfield>
   <subfield code="d">2018-05-10</subfield>
   <subfield code="l">1</subfield>
   <subfield code="o">616 Tr102/T.1</subfield>
   <subfield code="p">MD.05633</subfield>
   <subfield code="r">2019-05-21</subfield>
   <subfield code="s">2018-09-28</subfield>
   <subfield code="v">81000.00</subfield>
   <subfield code="w">2018-05-10</subfield>
   <subfield code="y">BK</subfield>
  </datafield>
  <datafield tag="952" ind1=" " ind2=" ">
   <subfield code="0">0</subfield>
   <subfield code="1">0</subfield>
   <subfield code="2">ddc</subfield>
   <subfield code="4">0</subfield>
   <subfield code="6">616_000000000000000_TR102_T_1</subfield>
   <subfield code="7">0</subfield>
   <subfield code="9">8061</subfield>
   <subfield code="a">000001</subfield>
   <subfield code="b">000001</subfield>
   <subfield code="d">2018-05-10</subfield>
   <subfield code="o">616 Tr102/T.1</subfield>
   <subfield code="p">MD.05634</subfield>
   <subfield code="r">2018-05-10</subfield>
   <subfield code="v">81000.00</subfield>
   <subfield code="w">2018-05-10</subfield>
   <subfield code="y">BK</subfield>
  </datafield>
  <datafield tag="952" ind1=" " ind2=" ">
   <subfield code="0">0</subfield>
   <subfield code="1">0</subfield>
   <subfield code="2">ddc</subfield>
   <subfield code="4">0</subfield>
   <subfield code="6">616_000000000000000_TR102_T_1</subfield>
   <subfield code="7">0</subfield>
   <subfield code="9">8062</subfield>
   <subfield code="a">000001</subfield>
   <subfield code="b">000001</subfield>
   <subfield code="d">2018-05-10</subfield>
   <subfield code="o">616 Tr102/T.1</subfield>
   <subfield code="p">MD.05635</subfield>
   <subfield code="r">2018-05-10</subfield>
   <subfield code="v">81000.00</subfield>
   <subfield code="w">2018-05-10</subfield>
   <subfield code="y">BK</subfield>
  </datafield>
  <datafield tag="952" ind1=" " ind2=" ">
   <subfield code="0">0</subfield>
   <subfield code="1">0</subfield>
   <subfield code="2">ddc</subfield>
   <subfield code="4">0</subfield>
   <subfield code="6">616_000000000000000_TR102_T_1</subfield>
   <subfield code="7">0</subfield>
   <subfield code="9">8063</subfield>
   <subfield code="a">000001</subfield>
   <subfield code="b">000001</subfield>
   <subfield code="d">2018-05-10</subfield>
   <subfield code="o">616 Tr102/T.1</subfield>
   <subfield code="p">MD.05624</subfield>
   <subfield code="r">2018-05-10</subfield>
   <subfield code="v">81000.00</subfield>
   <subfield code="w">2018-05-10</subfield>
   <subfield code="y">BK</subfield>
  </datafield>
  <datafield tag="980" ind1=" " ind2=" ">
   <subfield code="a">Thư viện Trường Đại học Nam Cần Thơ</subfield>
  </datafield>
 </record>
</collection>
